Theory of international politics (Record no. 363)

MARC details
000 -LEADER
fixed length control field 00511cam a2200205ua 4500
001 - CONTROL NUMBER
control field 418
005 - DATE AND TIME OF LATEST TRANSACTION
control field 20260515113149.0
008 - FIXED-LENGTH DATA ELEMENTS--GENERAL INFORMATION
fixed length control field 110331n ii |||gr||||Z||||||eng
020 ## - INTERNATIONAL STANDARD BOOK NUMBER
International Standard Book Number 81-259-0005-5
040 ## - CATALOGING SOURCE
Transcribing agency MAIN
082 ## - DEWEY DECIMAL CLASSIFICATION NUMBER
Classification number 327.11
245 1# - TITLE STATEMENT
Title Theory of international politics
Statement of responsibility, etc. by Vandana, A.
250 ## - EDITION STATEMENT
Edition statement 1st.
260 ## - PUBLICATION, DISTRIBUTION, ETC.
Place of publication, distribution, etc. Delhi:
Name of publisher, distributor, etc. Vikas,996.
300 ## - PHYSICAL DESCRIPTION
Extent x, 313p.:5cm.
653 ## - INDEX TERM--UNCONTROLLED
Uncontrolled term Political science
653 ## - INDEX TERM--UNCONTROLLED
Uncontrolled term Theory of international politics
700 ## - ADDED ENTRY--PERSONAL NAME
Personal name A. Vandana,
Relator term Author.
942 ## - ADDED ENTRY ELEMENTS (KOHA)
Koha item type Books
Holdings
Withdrawn status Lost status Damaged status Not for loan Home library Current library Shelving location Date acquired Total checkouts Full call number Barcode Date last seen Copy number Price effective from Koha item type
        Naharkatiya College Library Naharkatiya College Library General stacks 09/19/2020   327.11 | VAN 706 09/19/2020 1 09/19/2020 Books